000
00290nam a22001337a 4500
008
171013b xxu||||| |||| 00| 0 eng d
020
_a
9780312011475
041
_a
eng
080
_2
3RD
_a
316
100
_a
51
101
_a
SOC
245
_a
SOCIAL INTERACTION
_c
CLARK.C
942
_2
udc
_c
BK
999
_c
33622
_d
33622